Asia Pacific Residential Review (Record no. 119400)

MARC details
000 -LEADER
fixed length control field 00818cas a2200217 4500
001 - CONTROL NUMBER
control field L158344
008 - FIXED-LENGTH DATA ELEMENTS--GENERAL INFORMATION
fixed length control field 150113n2012 eng u
035 ## - SYSTEM CONTROL NUMBER
System control number (Sirsi) u158344
041 0# - LANGUAGE CODE
Language code of text/sound track or separate title eng
110 2# - MAIN ENTRY--CORPORATE NAME
Corporate name or jurisdiction name as entry element Knight Frank
9 (RLIN) 1530
245 00 - TITLE STATEMENT
Title Asia Pacific Residential Review
260 ## - PUBLICATION, DISTRIBUTION, ETC.
Date of publication, distribution, etc. 2012-
490 #0 - SERIES STATEMENT
Series statement Asia Pacific Residential Review
520 ## - SUMMARY, ETC.
Summary, etc. Provides an in depth look at the performance of the Asia-Pacific residential markets, examining price performance in the mainstream and prime markets, demand drivers and key themes affecting the markets across the region.
554 ## -
-- Irregular
650 24 - SUBJECT ADDED ENTRY--TOPICAL TERM
Topical term or geographic name entry element PRIME
651 #4 - SUBJECT ADDED ENTRY--GEOGRAPHIC NAME
Geographic name Asia Pacific
690 ## - LOCAL SUBJECT ADDED ENTRY--TOPICAL TERM (OCLC, RLIN)
Topical term or geographic name as entry element Residential property
9 (RLIN) 6266
856 48 - ELECTRONIC LOCATION AND ACCESS
Uniform Resource Identifier <a href="https://www.knightfrank.com/research/">https://www.knightfrank.com/research/</a>
Public note View the item free of charge at www.knightfrank.com
942 ## - ADDED ENTRY ELEMENTS (KOHA)
Suppress in OPAC 0
Holdings
Withdrawn status Lost status Source of classification or shelving scheme Damaged status Not for loan Home library Current library Shelving location Date acquired Total Checkouts Full call number Barcode Date last seen Copy number Price effective from Koha item type
    Dewey Decimal Classification     Virtual Virtual Online 13/01/2015   ONLINE PUBLICATION 158344-2001 06/08/2019 1 06/08/2019 Book